| 000 | 03678cam a22005294i 4500 | ||
|---|---|---|---|
| 003 | PE-LiUPU | ||
| 005 | 20250731172849.0 | ||
| 008 | 150903s2016 miu rb 001 0 eng | ||
| 020 | _a0801049709 | ||
| 020 | _a9780801049705 | ||
| 035 | _a(Sirsi) i9780801049705 | ||
| 040 |
_aDLC _bspa _erda _cDLC _dYDXCP _dBTCTA _dOCLCF _dSPB _dBDX _dLNT _dHNW _dPE-LiUPU |
||
| 049 | _aPRUA | ||
| 082 | 0 | 0 |
_a259.23 _bA2 _223 |
| 245 | 0 | 0 |
_aAdoptive youth ministry : _bintegrating emerging generations into the family of faith / _cedited by Chap Clark. |
| 264 | 1 |
_aGrand Rapids, Michigan : _bBaker Academic, a division of Baker Publishing Group, _c2016. |
|
| 300 |
_axv, 379 páginas ; _c25 centímetros. |
||
| 336 |
_atext _2rdacontent |
||
| 337 |
_aunmediated _2rdamedia |
||
| 338 |
_avolume _2rdacarrier |
||
| 490 | 1 | _aYouth, family, and culture series | |
| 504 | _aIncludes bibliographical references and indexes. | ||
| 505 | 0 | _aThe strategy of adoptive youth ministry / Chap Clark -- Understanding the changing adolescent / Steven Bonner -- Welcoming wounded and broken adolescents into the family of God / Marv Penner -- Technology and adoptive youth ministry / Bradley Howell -- Screen time: a window into teens' dreams / Craig Detweiler -- Reflective youth ministry: youth ministry as critical, ongoing, communal reflection / Almeda M. Wright -- Thinking (practical) theology / Michael McEntyre -- Youth ministry, adoption, and culture / Walt Mueller -- Thinking ecclesiologically: teenagers becoming part of the church / Mark Cannister -- Thinking critically about families and youth ministry / Allen Jackson -- Thinking globally: an Asian American case study approach / David Jia Hwa Doong and Jinna Sil Lo Jin -- Thinking long term / Cheryl A. Crawford -- Adoption extended: creating a welcoming space / Pamela Erwin -- Spiritual formation: it's a matter of time / Tony Jones -- Can I ask that?: imagining a church big enough for teenagers' hard questions / Kara Powell and Brad Griffin -- A call to adoptive ministry: middle school distinctives / Heather Flies -- No church in the wild: urban and multiethnic contexts as the new frontier of youth ministry / Daniel White Hodge -- Adoptive youth ministry: a Latin American perspective / Howard Andruejol -- Adoptive leadership / Bill MacPhee -- The communication of adoption: hearing and making known / Duffy Robbins -- Teaching for adoptive ministry / Jay Sedwick -- Rethinking church strategies and structures / Steven Argue -- A call to adoption: integration of youth ministry to the church / April L. Diaz. | |
| 526 | _aSEG42 | ||
| 526 | _aSEG41 | ||
| 526 | _aSEG40 | ||
| 526 | _aSEG39 | ||
| 526 | _aP94 | ||
| 526 | _aP87 | ||
| 526 | _aP86 | ||
| 526 | _aP85 | ||
| 526 | _aP77 | ||
| 526 | _aP76 | ||
| 526 | _aP35 | ||
| 650 | 2 | 4 | _aAdopción (Teología). |
| 650 | 1 | 4 | _aTrabajo de iglesia con jóvenes. |
| 700 | 1 |
_aClark, Chap, _d1954- , _eeditor. |
|
| 910 |
_ajck _bebj _cebj _d20160607 |
||
| 942 |
_2ddc _cBOOK |
||
| 949 |
_a259.23 A2 _wDEWEY _c1 _i73601 _d2016-6-13 _e2016-6-8 _lCCODEBUL1 _mBUL _n1 _p26.13 _r0 _sY _tBOOK _u2016-6-7 _xTEOLOGIA _PP85 _0COMPRA _o.STAFF. Colección Teología |
||
| 994 |
_aC0 _bPEPRU |
||
| 596 | _a1 | ||
| 999 |
_a259.23 A2 _wDEWEY _c9776 _i73601 _d9776 _e2016-6-8 _f2021-11-10 _g5 _lCCODEBUL1 _mBUL _n1 _p26.13 _q1 _r0 _sY _tBOOK _u2016-6-7 _xTEOLOGIA _PP85 _0COMPRA _o.STAFF. Colección General Teología |
||
| 999 |
_a259.23 A2 _wDEWEY _c2 _i77857 _f2021-11-10 _g4 _lCCODEBUL1 _mBUL _p26.13 _r0 _sY _tBOOK _u2017-12-28 _xTEOLOGIA _PP85 _0DONACION _o.STAFF. Colección Teología. |
||
| 980 |
_81 _gALBERTO SANCHEZ Responsable de Automatización |
||